Baudolino / (Record no. 221)

MARC details
000 -LÍDER
campo de controle de tamanho fixo 01318nam a2200337 4500
001 - NÚMERO DE CONTROLE
campo de controle 221
003 - IDENTIFICADOR DO NÚMERO DE CONTROLE
campo de controle OSt
005 - DATA E HORÁRIO DA ÚLTIMA TRANSAÇÃO
campo de controle 20250528074015.0
008 - CAMPO DE DADOS FIXOS--INFORMAÇÃO GERAL
campo de controle de tamanho fixo 250203b |||||||g |||| 00| 1 eng d
020 ## - ISBN - INTERNATIONAL STANDARD BOOK NUMBER
ISBN - International Standard Book Number 8501060267
040 ## - FONTE DA CATALOGAÇÃO
Idioma da catalogação por
041 ## - CÓDIGO DE IDIOMA
Código do idioma do original e/ou traduções intermediárias do texto ita
Código do idioma do texto/trilha sonora ou título diferente por
082 ## - CDD - CLASSIFICAÇÃO DECIMAL DE DEWEY
Número de Classificação 853
Número do exemplar E19b
100 1# - ENTRADA PRINCIPAL--NOME PESSOAL
Nome pessoal Eco, Umberto,
Datas associadas ao nome 1932-2016
9 (RLIN) 409
240 ## - TÍTULO UNIFORME
Título uniforme Baudolino
245 ## - TÍTULO
Título Baudolino /
Indicação de responsabilidade, etc. Eco, Umberto ; Tradução de Marco Lucchesi
250 ## - EDIÇÃO
Declaração de edição 3° edição
260 ## - PUBLICAÇÃO, DISTRIBUIÇÃO, ETC.
Local de publicação, distribuição, etc. Rio de Janeiro
Nome do editor, distribuidor, etc. Record
Data da publicação, distribuição, etc. 2001
300 ## - DESCRIÇÃO FÍSICA
Extensão 459 p.
520 ## - NOTA DE RESUMO, ETC.
Resumo, etc. O quarto romance de Umberto Eco se passa na Idade Média, entre 1152 e 1204, e traz a história de Baudolino, um adolescente esperto e mentiroso que conquista o afeto do poderoso Frederico I, vulgo Barba Ruiva. Adotado pelo imperador, Baudolino parte em várias aventuras que serão relatadas ao historiador Niceta Coniate, enquanto Constantinopla é saqueada pelos cruzados. Eco constrói um romance histórico divertido e erudito, no melhor estilo das aventuras picarescas.<br/>
650 #0 - ASSUNTO--TERMO TÓPICO
Cabeçalho tópico ou nome geográfico Literatura italiana
9 (RLIN) 164
650 #0 - ASSUNTO--TERMO TÓPICO
Cabeçalho tópico ou nome geográfico Medieval
9 (RLIN) 170
650 #0 - ASSUNTO--TERMO TÓPICO
Cabeçalho tópico ou nome geográfico Aventura
9 (RLIN) 47
650 #0 - ASSUNTO--TERMO TÓPICO
Cabeçalho tópico ou nome geográfico Histórico
9 (RLIN) 53
650 #0 - ASSUNTO--TERMO TÓPICO
Cabeçalho tópico ou nome geográfico Clássicos
9 (RLIN) 77
650 #0 - ASSUNTO--TERMO TÓPICO
Cabeçalho tópico ou nome geográfico Humor
9 (RLIN) 60
655 #0 - TERMO DE ÍNDICE--GÊNERO E FORMA
Gênero/forma/ou termo foco Romance
655 #0 - TERMO DE ÍNDICE--GÊNERO E FORMA
Gênero/forma/ou termo foco Ficção
700 ## - ENTRADA ADICIONADA - NOME PESSOAL
Nome pessoal Marco Lucchesi
Função do autor por extenso Tradutor
9 (RLIN) 410
942 ## - ELEMENTOS DE ENTRADA ADICIONADOS (KOHA)
Fonte de classificação ou esquema de arquivamento Classificação decimal de Dewey
Ocultar no OPAC Não
Tipo de material Koha Livros
Holdings
Situação do descarte Situação das perdas Fonte de classificação ou esquema de arquivamento Status danificado Não pode ser emprestado Coleção Biblioteca de origem Biblioteca atual Localização na estante Data de aquisição Fonte de aquisição Total de empréstimos Número de chamada completo Código de barras Data de último acesso Data do preço efetivo Tipo de material Koha
    Classificação decimal de Dewey     Ficção Biblioteca Professor Eduardo Afonso de Castro Biblioteca Professor Eduardo Afonso de Castro Literatura Estrangeira 04.09.2008 doação   853 / E19b 2025-13505 31.01.2025 31.01.2025 Livros

Powered by Koha